000
00302nam a2200121Ia 4500
008
220216s9999 xx 000 0 und d
100
_a
Cherian P P
245
0
_a
Advantages of group grading of raw rubber
260
_b
Indian Rubber Grower
_c
1951
300
_a
13-14
650
_a
Grading
942
_c
JS
999
_c
53895
_d
53895